|
|
|
|
| LEADER |
00000caa a22000002c 4500 |
| 001 |
1444180061 |
| 003 |
DE-627 |
| 005 |
20250425072035.0 |
| 007 |
tu |
| 008 |
121112s1974 gw ||||| 00| ||ger c |
| 020 |
|
|
|a 3518076493
|
| 035 |
|
|
|a (DE-627)1444180061
|
| 035 |
|
|
|a (DE-576)374180067
|
| 035 |
|
|
|a (DE-599)BSZ374180067
|
| 040 |
|
|
|a DE-627
|b ger
|c DE-627
|e rakwb
|
| 041 |
|
|
|a ger
|
| 044 |
|
|
|c XA-DE
|
| 084 |
|
|
|a 0
|2 ssgn
|
| 100 |
1 |
|
|0 (DE-588)118503596
|0 (DE-627)035170166
|0 (DE-576)160091756
|4 aut
|a Apel, Karl-Otto
|d 1922-2017
|
| 109 |
|
|
|a Apel, Karl-Otto 1922-2017
|a Apel, Karl O. 1922-2017
|a Apel, Karl Otto 1922-2017
|a Apelʹ, Karl-Otto 1922-2017
|a Ābil, Kārl Ūtū 1922-2017
|a Apel, K.-O. 1922-2017
|a Apei'er, Ga'er Aotuo 1922-2017
|a Apel, K. O. 1922-2017
|
| 245 |
1 |
0 |
|a Wissenschaft als Emanzipation?
|b Eine kritische Würdigung der Wissenschaftskonzeption der "Kritischen Theorie"
|c Karl-Otto Apel
|
| 264 |
|
1 |
|c 1974
|
| 336 |
|
|
|a Text
|b txt
|2 rdacontent
|
| 337 |
|
|
|a ohne Hilfsmittel zu benutzen
|b n
|2 rdamedia
|
| 338 |
|
|
|a Band
|b nc
|2 rdacarrier
|
| 601 |
|
|
|a Wissenschaft
|
| 601 |
|
|
|a Emanzipation
|
| 773 |
0 |
8 |
|i In
|t Materialien zu Habermas' "Erkenntnis und Interesse"
|b 1. Auflage
|d Frankfurt am Main : Suhrkamp, 1974
|g (1974), Seite 318-348
|h 433 Seiten
|w (DE-627)02273225X
|w (DE-576)003900703
|z 3518076493
|7 nnam
|
| 773 |
1 |
8 |
|g year:1974
|g pages:318-348
|
| 951 |
|
|
|a AR
|
| ELC |
|
|
|b 1
|
| ITA |
|
|
|a 1
|t 1
|
| ORI |
|
|
|a SA-MARC-ixtheo_oa001.raw
|
| REL |
|
|
|a 1
|
| SUB |
|
|
|a REL
|